01549nam a2200349 a 4500001001000000003000500010005001700015008004100032010001100073011001100084040000900095090001000104100004000114245016000154260004000314500006000354502010400414590004100518590004100559590004000600590004000640650005200680650004500732650004400777856007000821901000700891942001000898942000600908999001900914952013100933952013501064000113426CHAP20220329144353.0170622s2016 mx sm |||||||spa d a109887 a110859 cCHAP aTesis1 aSánchez Sánchez, Javier910786513aLa gestión comunitaria del agua en la unidad de riego San Nicolás, San Cristóbal de las Casas, Chiapash[En línea]cpor Javier Sánchez Sánchez. aChiapas, Méx. :bEl autor,c2016. aPara ver el contenido del material haga clic en la liga aTesis (M.C. en Desarrollo Rural Regional) -- UACH. Dirección de Centros Regionales Universitarios aBATCH-UPDb05c20170622lUCH01h0855 aE11695DGDb10c20170623lUCH01h0859 aE5765TAJb05c20170622lUCH01h0854 aE5765TAJb05c20170622lUCH01h085414aAgua en agriculturaxAspectos sociales.913114114aAgua para irrigaciónzChiapas.913268114aEjidosxAguaxAdministración.9132682 aFinding aiduhttp://10.13.5.2/tesis/sist113426.pdfzTeclea aquí aBK cTESIS n0 c109887d109887 00104054718TESISaBCbBCd2017-06-22fTESISl0oTesisp113428-10r2019-12-31 00:00:00w2019-12-31yTESISzRecien adquirido 00102local4053708TESISaBCbBCcPA_TESISd2017-06-22fTESISl0oTesisp113428-20r2019-12-31 00:00:00tc.2w2019-12-31yTESIS